Molière : (Registro nro. 36178)
[ vista simple ]
| 000 -CABECERA | |
|---|---|
| campo de control de longitud fija | 00625nam a2200193 a 4500 |
| 001 - NÚMERO DE CONTROL | |
| campo de control | 000036687 |
| 005 - FECHA Y HORA DE LA ÚLTIMA TRANSACCIÓN | |
| campo de control | 20200930075856.0 |
| 008 - DATOS DE LONGITUD FIJA--INFORMACIÓN GENERAL | |
| campo de control de longitud fija | 120125s1949 fr 000 d fre d |
| 040 ## - FUENTE DE LA CATALOGACIÓN | |
| Centro catalogador/agencia de origen | DO-SdBNP |
| Lengua de catalogación | spa |
| Centro/agencia transcriptor | BNPHU |
| 100 1# - ENTRADA PRINCIPAL--NOMBRE DE PERSONA | |
| Nombre de persona | Molière, Jean-Baptiste Poquelin |
| Fechas asociadas al nombre | 1622-1673 |
| 9 (RLIN) | 39866 |
| 245 10 - MENCIÓN DE TÍTULO | |
| Título | Molière : |
| Resto del título | théatre / |
| Mención de responsabilidad, etc. | Molière. |
| 260 ## - PUBLICACIÓN, DISTRIBUCIÓN, ETC. | |
| Lugar de publicación, distribución, etc. | Paris : |
| Nombre del editor, distribuidor, etc. | Hachette, |
| Fecha de publicación, distribución, etc. | 1949. |
| 300 ## - DESCRIPCIÓN FÍSICA | |
| Extensión | 5 v. ; |
| Dimensiones | 19 cm. |
| 490 0# - MENCIÓN DE SERIE | |
| Mención de serie | Collection du flambeau |
| 500 ## - NOTA GENERAL | |
| Nota general | Biblioteca tiene vol. 4 |
| 600 14 - PUNTO DE ACCESO ADICIONAL DE MATERIA--NOMBRE DE PERSONA | |
| Nombre de persona | MOLIÈRE, JEAN-BAPTISTE POQUELIN |
| Subdivisión general | COLECCIÓN DE ESCRITOS |
| 9 (RLIN) | 62974 |
| 650 24 - PUNTO DE ACCESO ADICIONAL DE MATERIA--TÉRMINO DE MATERIA | |
| Término de materia o nombre geográfico como elemento de entrada | Literatura francesa |
| 9 (RLIN) | 1074 |
| 650 24 - PUNTO DE ACCESO ADICIONAL DE MATERIA--TÉRMINO DE MATERIA | |
| Término de materia o nombre geográfico como elemento de entrada | Teatro francés |
| 9 (RLIN) | 5359 |
| Estado de retiro | Estado de pérdida | Restricciones de uso | No para préstamo | Código de colección | Localización permanente | Ubicación/localización actual | Ubicación en estantería | Fecha de adquisición | Número de inventario | Total de préstamos | Signatura topográfica completa | Código de barras | Fecha visto por última vez | Precio válido a partir de | Tipo de ítem Koha |
|---|---|---|---|---|---|---|---|---|---|---|---|---|---|---|---|
| Excluido de préstamo | Monografías: Libros y Folletos | General | General | En catalogación | 25.01.2012 | LF1 | v.4 | 36687-10 | 25.06.2020 | 25.06.2020 | No se presta |
